Statistics for World Cities by Country A-Z #2

Click here to take the quiz!

General Stats

  • This quiz has been taken 823 times
  • The average score is 19 of 26

Answer Stats

CountryUrban Area% Correct
ANetherlandsAmsterdam
99%
PFranceParis
96%
ONorwayOslo
95%
WPolandWarsaw
94%
JIsraelJerusalem
92%
MPhilippinesManila
90%
ZCroatiaZagreb
90%
GSwitzerlandGeneva
88%
LUnited StatesLos Angeles
86%
KKuwaitKuwait City
85%
RSaudi ArabiaRiyadh
85%
EUnited KingdomEdinburgh
84%
VLithuaniaVilnius
80%
DSenegalDakar
77%
FSierra LeoneFreetown
72%
SMacedoniaSkopje
71%
TUzbekistanTashkent
68%
CIndiaChennai
62%
YCameroonYaoundé
61%
NBurmaNaypyidaw
50%
BBrazilBelo Horizonte
48%
XChinaXiamen
48%
HPakistanHyderabad
40%
UChinaÜrümqi
38%
QChinaQingdao
34%
INigeriaIbadan
30%

Score Distribution

Percentile by Number Answered

Percent of People with Each Score

Your Score History

You have not taken this quiz